000 00743cam a22002533a 4500
001 30220
003 PGUSA
005 20140828083643.0
008 091202s2009||||xxu|||||s|||||000 | eng d
040 _aPGUSA
_beng
042 _adc
050 4 _aBV
100 1 _aPatrick, James
245 1 0 _aEvangelists of Art :
_bPicture-Sermons for Children
_h[electronic resource] /
_cJames Patrick
260 _bProject Gutenberg,
_c2009
506 _aPublic domain in the USA.
516 _aElectronic text
653 _aSermons, American
653 _aChildren's sermons
653 _aChristian art and symbolism -- Juvenile literature
830 0 _aProject Gutenberg
_v30220
856 4 0 _uhttp://www.gutenberg.org/ebooks/30220
942 _cEB
999 _c259475
_d259475